[Event "ENCI Limburg-open B"]
[Site "Maastricht"]
[Date "2012.05.26"]
[Round "3"]
[White "De Ridder, Naomi"]
[Black "Van der Velde, Wytse"]
[Result "0-1"]
[WhiteElo "1747"]
[BlackElo "1934"]
[PlyCount "116"]
[EventDate "2012.05.25"]
[EventType "swiss"]
[EventRounds "7"]
[EventCountry "NED"]
[Source "P.Boonen"]
[SourceDate "2013.01.01"]

1. e4 e5 2. Nf3 Nc6 3. Bc4 Bc5 4. c3 Nf6 5. d4 exd4 6. cxd4 Bb4+ 7. Nc3 Nxe4 8.
O-O Bxc3 9. d5 Bf6 10. Re1 Ne7 11. Rxe4 d6 12. Bg5 Bxg5 13. Nxg5 h6 14. Nf3 O-O
15. Nd4 Nf5 16. Nxf5 Bxf5 17. Rf4 Qg5 18. Qd4 Rfe8 19. h4 Qg6 20. f3 Re5 21. g4
Rae8 22. Qxa7 Bd3 23. Qd4 Bb1 24. Qd2 h5 25. Kf2 hxg4 26. Rxg4 Qf5 27. Rg5 Qh7
28. Rg4 Re1 29. Bf1 Qf5 30. Rf4 Rxf1+ 31. Kxf1 Qh3+ 32. Kg1 Qg3+ 33. Kf1 Bd3+
34. Qxd3 Qxf4 35. Re1 Rxe1+ 36. Kxe1 Qxh4+ 37. Ke2 Kf8 38. Qb5 Qh2+ 39. Ke3
Qe5+ 40. Kf2 Qd4+ 41. Kg3 Qe5+ 42. Kf2 b6 43. Qb3 g6 44. Kg2 Qd4 45. Kg3 Kg8
46. Qb5 Qg1+ 47. Kf4 Qd4+ 48. Kg3 Kg7 49. a4 g5 50. b4 Qg1+ 51. Kh3 Qf2 52. Qd3
Qh4+ 53. Kg2 Qxb4 54. Qc2 Qc5 55. Qf5 Qe3 56. Kf1 Qf4 57. Qd3 g4 58. Qc3+ Qf6
0-1

[Event "ENCI Limburg-open B"]
[Site "Maastricht"]
[Date "2012.05.26"]
[Round "3"]
[White "Dorr, Yannick"]
[Black "Staudte, Rainer"]
[Result "1-0"]
[WhiteElo "1902"]
[BlackElo "1954"]
[PlyCount "107"]
[EventDate "2012.05.25"]
[EventType "swiss"]
[EventRounds "7"]
[EventCountry "NED"]
[Source "P.Boonen"]
[SourceDate "2013.01.01"]

1. e4 c5 2. Nf3 Nc6 3. d4 cxd4 4. Nxd4 g6 5. Nc3 Bg7 6. Be3 Nf6 7. Bc4 Qa5 8.
O-O O-O 9. Bb3 d6 10. f3 Bd7 11. Qe2 Ne5 12. Rad1 a6 13. Bf2 Rac8 14. Kh1 Rfd8
15. Bg3 b5 16. f4 Bg4 17. Nf3 Nxf3 18. gxf3 Bh3 19. Rfe1 Nh5 20. Nd5 Re8 21.
Bh4 Bf8 22. Rg1 Be6 23. f5 Bxd5 24. Bxd5 e6 25. fxe6 fxe6 26. Bb3 Kh8 27. Bg5
Qc7 28. Qd3 Qc5 29. Be3 Qc6 30. Bd4+ e5 31. Be3 a5 32. c3 Be7 33. Bh6 Red8 34.
Qf1 a4 35. Be6 Rb8 36. Qh3 Bf6 37. Bf7 Qd7 38. Be6 Qe7 39. Bf5 Rg8 40. Bg4 Nf4
41. Bxf4 exf4 42. Rd5 b4 43. cxb4 Rxb4 44. Rgd1 Be5 45. b3 axb3 46. axb3 Rxb3
47. Be6 Rgb8 48. Rxe5 dxe5 49. Bxb3 Rxb3 50. Qc8+ Kg7 51. Rd7 Kf6 52. Rxe7 Kxe7
53. Qc5+ Kf6 54. Qd6+ 1-0

[Event "ENCI Limburg-open B"]
[Site "Maastricht"]
[Date "2012.05.26"]
[Round "3"]
[White "Esser, Thomas"]
[Black "Freer, Glenn"]
[Result "0-1"]
[WhiteElo "1985"]
[BlackElo "1913"]
[PlyCount "146"]
[EventDate "2012.05.25"]
[EventType "swiss"]
[EventRounds "7"]
[EventCountry "NED"]
[Source "P.Boonen"]
[SourceDate "2013.01.01"]

1. e4 d6 2. d4 Nf6 3. Nc3 g6 4. Be3 Bg7 5. Qd2 h6 6. h3 c6 7. Nf3 b5 8. Bd3 a6
9. O-O Bb7 10. e5 Nfd7 11. e6 Nf8 12. exf7+ Kxf7 13. Rad1 Nbd7 14. Rfe1 Nf6 15.
Nh4 Bc8 16. f4 e6 17. Qf2 Ng8 18. g4 Bf6 19. f5 gxf5 20. gxf5 exf5 21. Nxf5
Bxf5 22. Qxf5 Ne7 23. Qh5+ Kg7 24. Kh1 Neg6 25. Rg1 Bg5 26. Bxg6 Nxg6 27. Rd3
Qd7 28. Rg3 Raf8 29. Bxg5 hxg5 30. Qxg5 Rh6 31. Rde3 Rf6 32. Ne4 Rf5 33. Qg4
Qf7 34. Ref3 Rxf3 35. Rxf3 Qe7 36. Kh2 Rh4 37. Nxd6 Qxd6+ 38. Qg3 Rxd4 39. Qxd6
Rxd6 40. Kg3 Ne7 41. Rf2 Rg6+ 42. Kf3 Kf6 43. Ke4+ Ke6 44. Kd4 Kd6 45. Rh2 Rh6
46. Kc3 c5 47. Kb3 Nc6 48. c3 Kc7 49. Kc2 Rh4 50. Kb3 a5 51. Kc2 a4 52. Kd2 Kd6
53. Kc2 Ne5 54. Rd2+ Ke6 55. Rh2 Nf3 56. Rh1 Ke5 57. Kd3 Ng5 58. b3 axb3 59.
axb3 Nxh3 60. Ke3 Re4+ 61. Kd2 Ng5 62. Rh5 Rg4 63. Kd3 Kd6 64. Rh6+ Ne6 65. Ke3
Rg3+ 66. Kd2 Kd5 67. Rh5+ Ke4 68. Rh4+ Nf4 69. Rh2 Rg2+ 70. Rxg2 Nxg2 71. Ke2
Nf4+ 72. Kd2 Nd5 73. Kc2 Ke3 0-1

[Event "ENCI Limburg-open B"]
[Site "Maastricht"]
[Date "2012.05.26"]
[Round "3"]
[White "Gerlagh, Joris"]
[Black "Behr, Rene Christian"]
[Result "1-0"]
[WhiteElo "1777"]
[BlackElo "1820"]
[PlyCount "55"]
[EventDate "2012.05.25"]
[EventType "swiss"]
[EventRounds "7"]
[EventCountry "NED"]
[Source "P.Boonen"]
[SourceDate "2013.01.01"]

1. e4 c5 2. Nc3 g6 3. Bc4 Nc6 4. f4 d6 5. Nf3 Bg7 6. d3 Nh6 7. O-O Nd4 8. Kh1
Bd7 9. Nxd4 cxd4 10. Ne2 b5 11. Bb3 e6 12. Ng3 Qh4 13. Qf3 Rc8 14. h3 a5 15. f5
gxf5 16. Bxh6 Bxh6 17. exf5 Bc6 18. Ne4 Qe7 19. fxe6 a4 20. Nf6+ Kd8 21. Bd5
Bxd5 22. Qxd5 fxe6 23. Qxd4 Bg7 24. Qb6+ Rc7 25. Ne4 Bxb2 26. Rab1 a3 27. Nxd6
Rf8 28. Nxb5 1-0

[Event "ENCI Limburg-open B"]
[Site "Maastricht"]
[Date "2012.05.26"]
[Round "3"]
[White "Goes, Dirk"]
[Black "Karstens, Lex"]
[Result "1/2-1/2"]
[WhiteElo "1954"]
[BlackElo "1854"]
[PlyCount "42"]
[EventDate "2012.05.25"]
[EventType "swiss"]
[EventRounds "7"]
[EventCountry "NED"]
[Source "P.Boonen"]
[SourceDate "2013.01.01"]

1. d4 Nf6 2. Bg5 c6 3. Nd2 Qb6 4. Bxf6 gxf6 5. Nb3 d5 6. e3 Bf5 7. Bd3 Bg6 8.
f4 Bxd3 9. Qxd3 e6 10. Nf3 Nd7 11. Nfd2 c5 12. c4 dxc4 13. Nxc4 Qb4+ 14. Ncd2
cxd4 15. a3 Qb6 16. exd4 Rd8 17. Qe3 f5 18. O-O Nf6 19. Nc4 Qc6 20. Rac1 Rg8
21. Qf3 Qxf3 1/2-1/2

[Event "ENCI Limburg-open B"]
[Site "Maastricht"]
[Date "2012.05.26"]
[Round "3"]
[White "Heijenrath, Jan"]
[Black "Turrini, Paolo"]
[Result "1/2-1/2"]
[WhiteElo "1759"]
[BlackElo "1793"]
[PlyCount "98"]
[EventDate "2012.05.25"]
[EventType "swiss"]
[EventRounds "7"]
[EventCountry "NED"]
[Source "P.Boonen"]
[SourceDate "2013.01.01"]

1. d4 g6 2. Nf3 Bg7 3. c4 c5 4. Nc3 cxd4 5. Nxd4 Nc6 6. Nf3 Nf6 7. e4 O-O 8.
Be2 d6 9. O-O a6 10. Be3 Ng4 11. Bg5 h6 12. Bf4 Be6 13. Rc1 Nge5 14. Nxe5 Nxe5
15. b3 Bd7 16. Qd2 Kh7 17. Rfd1 Bc6 18. Nd5 e6 19. Nc3 Qa5 20. Be3 Rad8 21. f4
Nd7 22. Qc2 Nc5 23. Bf3 Bxc3 24. Qxc3 Qxa2 25. Bxc5 dxc5 26. Ra1 Rxd1+ 27. Bxd1
Qxa1 28. Qxa1 Bxe4 29. Qe5 Rd8 30. Qxe4 Rxd1+ 31. Kf2 Rd7 32. Ke2 b5 33. cxb5
axb5 34. Qc6 Rd5 35. Qxb5 Kg7 36. g3 Kf6 37. Kf3 h5 38. Qc4 Rd4 39. Qxc5 Rd3+
40. Ke4 Rxb3 41. Qd6 Rb5 42. Qd8+ Kg7 43. Qd4+ Kg8 44. Qc4 Rd5 45. h3 Kg7 46.
g4 hxg4 47. hxg4 Kf8 48. f5 gxf5+ 49. gxf5 Rxf5 1/2-1/2

[Event "ENCI Limburg-open B"]
[Site "Maastricht"]
[Date "2012.05.26"]
[Round "3"]
[White "Hogerhorst, Tony"]
[Black "Armino, Leo"]
[Result "1/2-1/2"]
[WhiteElo "1950"]
[BlackElo "1996"]
[PlyCount "74"]
[EventDate "2012.05.25"]
[EventType "swiss"]
[EventRounds "7"]
[EventCountry "NED"]
[Source "P.Boonen"]
[SourceDate "2013.01.01"]

1. e4 e5 2. Nf3 Nc6 3. d4 exd4 4. Bc4 Nf6 5. O-O Be7 6. e5 Ne4 7. Re1 Nc5 8.
Nxd4 Nxd4 9. Qxd4 O-O 10. Nc3 c6 11. Be3 b5 12. Bf1 Ne6 13. Qe4 b4 14. Bd3 g6
15. Ne2 Nc5 16. Qf3 Nxd3 17. cxd3 Re8 18. Ng3 d5 19. exd6 Qxd6 20. Bf4 Qd5 21.
Qe3 Bd7 22. Qd2 f5 23. Re5 Qf7 24. Rae1 Bf8 25. b3 Rxe5 26. Bxe5 Re8 27. d4 Qd5
28. h4 c5 29. Qg5 Bg7 30. Nh5 Rxe5 31. Rxe5 Bxe5 32. dxe5 Qd1+ 33. Kh2 Qxh5 34.
Qd8+ Kg7 35. Qxd7+ Kh6 36. Qe7 Qg4 37. Qf6 Qf4+ 1/2-1/2

[Event "ENCI Limburg-open B"]
[Site "Maastricht"]
[Date "2012.05.26"]
[Round "3"]
[White "Holwijn, Melvin"]
[Black "Koelmans, Jan Willem"]
[Result "1-0"]
[WhiteElo "2025"]
[BlackElo "2027"]
[PlyCount "147"]
[EventDate "2012.05.25"]
[EventType "swiss"]
[EventRounds "7"]
[EventCountry "NED"]
[Source "P.Boonen"]
[SourceDate "2013.01.01"]

1. d4 d5 2. Nf3 Nf6 3. c4 c6 4. Nc3 e6 5. cxd5 exd5 6. Qc2 g6 7. Bf4 Bf5 8. Qb3
Qb6 9. e3 Qxb3 10. axb3 Nbd7 11. Be2 Bc2 12. Nd2 Be7 13. g4 Ne4 14. Ncxe4 dxe4
15. Rc1 Bd3 16. Bxd3 exd3 17. Rc3 Nf6 18. Be5 O-O 19. Bxf6 Bxf6 20. Ne4 Be7 21.
Rxd3 f5 22. gxf5 Rxf5 23. Ng3 Rb5 24. Ke2 a5 25. Rhd1 a4 26. Ra1 Ra6 27. Rxa4
Rxa4 28. bxa4 Rxb2+ 29. Rd2 Rb1 30. Ra2 Kf7 31. Kd3 Ke6 32. Kc2 Rb4 33. Rb2
Rxa4 34. Rxb7 Ra2+ 35. Rb2 Ra3 36. Kd2 h5 37. Ke2 Ra5 38. Rb6 Kd7 39. h3 Ra2+
40. Kf3 Kc7 41. Rb1 Rc2 42. Rg1 c5 43. dxc5 Rxc5 44. Ne4 Rc6 45. Ke2 Kd7 46.
Kd3 Ke8 47. f4 Ra6 48. Rc1 Ra2 49. Rc6 Kf7 50. Nd2 Bh4 51. Nf3 Ra3+ 52. Ke4
Ra4+ 53. Kd5 Ra5+ 54. Kc4 Bf6 55. Rc5 Ra1 56. Ng5+ Bxg5 57. Rxg5 Ra4+ 58. Kd5
Ra5+ 59. Ke4 Ra4+ 60. Kf3 Ra3 61. Re5 Ra1 62. Rc5 Rh1 63. Kg2 Re1 64. Rc3 Kf6
65. Kf2 Rh1 66. e4 Ra1 67. Rc6+ Kf7 68. e5 Ra2+ 69. Kg3 Ra4 70. Rf6+ Kg7 71.
Rd6 Kf7 72. Rd7+ Ke6 73. Rg7 Kf5 74. Rf7+ 1-0

[Event "ENCI Limburg-open B"]
[Site "Maastricht"]
[Date "2012.05.26"]
[Round "3"]
[White "Huebben, Dominik"]
[Black "Bieberle, Gerhart"]
[Result "1-0"]
[WhiteElo "1820"]
[BlackElo "1887"]
[PlyCount "77"]
[EventDate "2012.05.25"]
[EventType "swiss"]
[EventRounds "7"]
[EventCountry "NED"]
[Source "P.Boonen"]
[SourceDate "2013.01.01"]

1. e4 c5 2. c3 g6 3. d4 cxd4 4. cxd4 Bg7 5. Nc3 a6 6. a4 e6 7. Nf3 Ne7 8. Be2
O-O 9. O-O d6 10. Be3 Nd7 11. a5 Nf6 12. h3 d5 13. e5 Ne8 14. Qd2 Kh8 15. Na4
Bd7 16. Nb6 Rb8 17. Bh6 Bc6 18. g4 Nc7 19. Rfe1 Rg8 20. Kg2 Qf8 21. Bxg7+ Qxg7
22. Na4 h6 23. Qb4 Rge8 24. Nc5 g5 25. Bd3 Ng6 26. Kg3 Nf4 27. Bc2 Rf8 28. Qd2
Nb5 29. Rh1 f6 30. h4 Kg8 31. hxg5 fxg5 32. Rh2 Kf7 33. Rah1 h5 34. Rxh5 Nxh5+
35. Rxh5 Rh8 36. Nxg5+ Ke7 37. Ngxe6 Qg8 38. Rxh8 Qxh8 39. Qg5+ 1-0

[Event "ENCI Limburg-open B"]
[Site "Maastricht"]
[Date "2012.05.26"]
[Round "3"]
[White "Ibrahim, Ashraf"]
[Black "Pirard, Natan"]
[Result "1-0"]
[WhiteElo "1749"]
[BlackElo "1748"]
[PlyCount "89"]
[EventDate "2012.05.25"]
[EventType "swiss"]
[EventRounds "7"]
[EventCountry "NED"]
[Source "P.Boonen"]
[SourceDate "2013.01.01"]

1. d4 Nf6 2. c4 g6 3. Nc3 Bg7 4. e4 d6 5. f3 O-O 6. Be3 Nfd7 7. Qd2 e5 8. d5
Na6 9. Nge2 Ndc5 10. Nc1 f5 11. Bd3 f4 12. Bf2 Bf6 13. Be2 g5 14. a3 b6 15. b4
Nb7 16. c5 Naxc5 17. bxc5 Nxc5 18. Rb1 h5 19. Nb3 Nxb3 20. Rxb3 g4 21. Qc2 Bh4
22. Bd1 Rf7 23. Nb5 a6 24. Nc3 Rg7 25. Na2 Bd7 26. Rc3 Rc8 27. Nb4 a5 28. Nc6
Bxc6 29. Rxc6 Bxf2+ 30. Qxf2 Qg5 31. fxg4 hxg4 32. h3 Qg6 33. Bc2 Qh6 34. h4
Qh5 35. Rc3 g3 36. Qf3 Qxf3 37. Rxf3 Kf7 38. h5 Rh8 39. Rc3 Kf6 40. Bd1 Kg5 41.
Bf3 Rb8 42. Kd2 b5 43. Rc6 b4 44. axb4 axb4 45. Rb1 1-0

[Event "ENCI Limburg-open B"]
[Site "Maastricht"]
[Date "2012.05.26"]
[Round "3"]
[White "Keetman, Maaike"]
[Black "Lecomte, Robin"]
[Result "0-1"]
[WhiteElo "1788"]
[BlackElo "1798"]
[PlyCount "54"]
[EventDate "2012.05.25"]
[EventType "swiss"]
[EventRounds "7"]
[EventCountry "NED"]
[Source "P.Boonen"]
[SourceDate "2013.01.01"]

1. e4 Nc6 2. d4 d5 3. exd5 Qxd5 4. Nf3 Bg4 5. Nc3 Bxf3 6. Nxd5 Bxd1 7. Nxc7+
Kd7 8. Nxa8 Bxc2 9. Bb5 e6 10. Be3 Bb4+ 11. Ke2 Nge7 12. Rac1 Be4 13. Nb6+ axb6
14. Rhd1 Bd5 15. a3 Bd6 16. f4 Bxg2 17. Rg1 Be4 18. Rxg7 Bg6 19. d5 Nxd5 20.
Bd3 Ke7 21. f5 exf5 22. Bg5+ Kd7 23. Bc4 Nf4+ 24. Bxf4 Bxf4 25. Rg1 Ne5 26.
R1xg6 hxg6 27. Bxf7 Rxh2+ 0-1

[Event "ENCI Limburg-open B"]
[Site "Maastricht"]
[Date "2012.05.26"]
[Round "3"]
[White "Kocur, Marc"]
[Black "Erin, Igor"]
[Result "0-1"]
[WhiteElo "1871"]
[BlackElo "1748"]
[PlyCount "98"]
[EventDate "2012.05.25"]
[EventType "swiss"]
[EventRounds "7"]
[EventCountry "NED"]
[Source "P.Boonen"]
[SourceDate "2013.01.01"]

1. c4 e5 2. g3 Nc6 3. Bg2 Nf6 4. Nc3 Bb4 5. a3 Bxc3 6. bxc3 O-O 7. e4 d6 8. d3
Be6 9. Ne2 Qd7 10. h3 Qe7 11. g4 Nd7 12. Ng3 Na5 13. Nf5 Bxf5 14. gxf5 Nc5 15.
Rb1 c6 16. O-O Qf6 17. Be3 b6 18. d4 Nd7 19. Qc1 h6 20. f4 Nxc4 21. fxe5 dxe5
22. Bf2 Qg5 23. Qe1 Qd2 24. Rd1 Qxe1 25. Rfxe1 Nxa3 26. Bf1 a5 27. d5 c5 28.
Rd2 b5 29. f6 gxf6 30. Be3 Kh7 31. Kf2 Rg8 32. Ra2 b4 33. Bc1 Nb1 34. cxb4 axb4
35. Rxa8 Rxa8 36. Bb2 Nc3 37. Bxc3 bxc3 38. Ke3 Nb6 39. Rc1 Ra3 40. Kd3 c4+ 41.
Kc2 Kg7 42. Rb1 Rb3 43. Rxb3 cxb3+ 44. Kxb3 f5 45. Bd3 Kf6 46. Kb4 fxe4 47.
Bxe4 Nxd5+ 48. Kc4 c2 49. Bxc2 Ne3+ 0-1

[Event "ENCI Limburg-open B"]
[Site "Maastricht"]
[Date "2012.05.26"]
[Round "3"]
[White "Kremer, Nadine"]
[Black "Peter, Laurenz"]
[Result "0-1"]
[WhiteElo "1690"]
[BlackElo "1880"]
[PlyCount "47"]
[EventDate "2012.05.25"]
[EventType "swiss"]
[EventRounds "7"]
[EventCountry "NED"]
[Source "P.Boonen"]
[SourceDate "2013.01.01"]

1. e4 c5 2. Nf3 e6 3. d4 cxd4 4. Nxd4 a6 5. Nc3 Qc7 6. Be3 Nf6 7. a3 Nc6 8. f4
h5 9. Be2 e5 10. fxe5 Qxe5 11. Bf3 Bc5 12. Nxc6 dxc6 13. Bxc5 Qxc5 14. h3 Be6
15. Na4 Qe5 16. Qe2 Rd8 17. Rd1 O-O 18. Rd2 Rxd2 19. Kxd2 Qd4+ 20. Kc1 Qxa4 21.
e5 Nd7 22. Bxh5 Qf4+ 23. Kb1 Qxe5 24. Qd2 0-1

[Event "ENCI Limburg-open B"]
[Site "Maastricht"]
[Date "2012.05.26"]
[Round "3"]
[White "Kronseder, Michael"]
[Black "Bauchmueller, Franz Josef"]
[Result "0-1"]
[WhiteElo "1754"]
[BlackElo "1841"]
[PlyCount "78"]
[EventDate "2012.05.25"]
[EventType "swiss"]
[EventRounds "7"]
[EventCountry "NED"]
[Source "P.Boonen"]
[SourceDate "2013.01.01"]

1. Nf3 Nc6 2. d4 d5 3. c4 Bg4 4. Ne5 Nxe5 5. dxe5 dxc4 6. Qa4+ Qd7 7. Qxc4 c6
8. Nc3 Rd8 9. Be3 Be6 10. Qa4 b6 11. Rd1 Qc7 12. Rxd8+ Kxd8 13. g3 Bd7 14. Bg2
e6 15. O-O Ne7 16. Rc1 Nc8 17. Qf4 f6 18. Bd4 c5 19. Ne4 Qb8 20. Bc3 h6 21.
exf6 Qxf4 22. gxf4 Rg8 23. f7 Rh8 24. Rd1 Ke7 25. Be5 Bb5 26. Nd6 Nxd6 27. Rxd6
Kxf7 28. Rd8 Rg8 29. f5 Ke7 30. Ra8 Bc4 31. Rxa7+ Kd8 32. Bc7+ Ke7 33. Be5+ Kd8
34. Bc7+ Ke7 35. Bxb6+ Kf6 36. Ra8 exf5 37. Bxc5 Bxc5 38. Rxg8 Bxg8 39. a4 Bc4
0-1

[Event "ENCI Limburg-open B"]
[Site "Maastricht"]
[Date "2012.05.26"]
[Round "3"]
[White "Kuck, Ulrich"]
[Black "Lemmen, Raoul"]
[Result "1/2-1/2"]
[WhiteElo "1898"]
[BlackElo "1907"]
[PlyCount "53"]
[EventDate "2012.05.25"]
[EventType "swiss"]
[EventRounds "7"]
[EventCountry "NED"]
[Source "P.Boonen"]
[SourceDate "2013.01.01"]

1. e4 d5 2. exd5 Nf6 3. Bb5+ Bd7 4. Bc4 b5 5. Bb3 Bg4 6. f3 Bc8 7. a4 b4 8. d4
Nxd5 9. Ne2 e6 10. c4 bxc3 11. Nbxc3 c6 12. O-O Ba6 13. Re1 Bb4 14. Bd2 Qa5 15.
Qc2 O-O 16. Rad1 Nd7 17. Nf4 Nxf4 18. Bxf4 c5 19. Kh1 cxd4 20. Rxd4 Rfd8 21.
Bc7 Qxc7 22. Rxb4 Ne5 23. Nb5 Qxc2 24. Bxc2 Rac8 25. Bb1 Rc4 26. Rxc4 Nxc4 27.
Nxa7 1/2-1/2

[Event "ENCI Limburg-open B"]
[Site "Maastricht"]
[Date "2012.05.26"]
[Round "3"]
[White "Loose, Rob"]
[Black "Drose, Daniela"]
[Result "0-1"]
[WhiteElo "1970"]
[BlackElo "1964"]
[PlyCount "106"]
[EventDate "2012.05.25"]
[EventType "swiss"]
[EventRounds "7"]
[EventCountry "NED"]
[Source "P.Boonen"]
[SourceDate "2013.01.01"]

1. e4 d5 2. exd5 Qxd5 3. Nc3 Qd6 4. d4 a6 5. Bc4 Nf6 6. Nge2 Bf5 7. O-O Nc6 8.
Bf4 Qb4 9. Bb3 O-O-O 10. Be3 e5 11. d5 Bc5 12. a3 Qa5 13. Bxc5 Qxc5 14. Na4 Qa7
15. c4 e4 16. Qc1 Bg4 17. dxc6 Bxe2 18. Re1 Bd3 19. cxb7+ Qxb7 20. Ba2 Qc6 21.
b3 Rhe8 22. Qg5 Qd6 23. Qc5 Qxc5 24. Nxc5 Re5 25. b4 Rd6 26. h3 Nd7 27. Na4 c5
28. Rac1 f5 29. bxc5 Rg6 30. Kh2 f4 31. Bb1 Reg5 32. Rg1 Ne5 33. Nb6+ Kb7 34.
Nd5 Ng4+ 35. Kh1 Nxf2+ 36. Kh2 f3 37. Nf4 Rf6 38. Nxd3 exd3 39. gxf3 Rxg1 40.
Rxg1 Rxf3 41. Rxg7+ Kc6 42. Kg2 Rf6 43. Rxh7 d2 44. Bc2 d1=Q 45. Bxd1 Nxd1 46.
Kg3 Ne3 47. h4 Nxc4 48. h5 Ne5 49. Re7 Nf7 50. Kg4 Kxc5 51. h6 Nxh6+ 52. Kg5
Rd6 53. Rh7 Kc4 0-1

[Event "ENCI Limburg-open B"]
[Site "Maastricht"]
[Date "2012.05.26"]
[Round "3"]
[White "Machiroux, Bruno"]
[Black "Sterck, Arno"]
[Result "0-1"]
[WhiteElo "1809"]
[BlackElo "1811"]
[PlyCount "42"]
[EventDate "2012.05.25"]
[EventType "swiss"]
[EventRounds "7"]
[EventCountry "NED"]
[Source "P.Boonen"]
[SourceDate "2013.01.01"]

1. d4 g6 2. e4 c5 3. dxc5 Bg7 4. Nc3 Qa5 5. Bd2 Qxc5 6. Nf3 e6 7. Bd3 Ne7 8.
Qe2 d6 9. O-O Qb6 10. Nd5 Nxd5 11. exd5 e5 12. Be3 Qd8 13. Bg5 f6 14. Bh4 O-O
15. Nd2 g5 16. Qh5 h6 17. Bg3 f5 18. f3 Nd7 19. Qh3 Qe8 20. Bxf5 Rxf5 21. Qxf5
Nc5 0-1

[Event "ENCI Limburg-open B"]
[Site "Maastricht"]
[Date "2012.05.26"]
[Round "3"]
[White "Modder, Frank"]
[Black "Lentjes, Noud"]
[Result "0-1"]
[WhiteElo "1896"]
[BlackElo "1940"]
[PlyCount "166"]
[EventDate "2012.05.25"]
[EventType "swiss"]
[EventRounds "7"]
[EventCountry "NED"]
[Source "P.Boonen"]
[SourceDate "2013.01.01"]

1. d4 Nf6 2. Bg5 d5 3. Bxf6 exf6 4. e3 Bd6 5. g3 c6 6. Bg2 O-O 7. Ne2 Nd7 8.
Nd2 f5 9. O-O Nf6 10. c4 Be6 11. c5 Bc7 12. b4 Kh8 13. a4 g5 14. b5 Rg8 15. f4
g4 16. Nc1 Bd7 17. bxc6 Bxc6 18. Nd3 Qe7 19. Re1 Ne4 20. Nxe4 fxe4 21. Ne5 h5
22. Nxc6 bxc6 23. Rb1 Rab8 24. Qc2 Ba5 25. Rxb8 Rxb8 26. Rb1 Qc7 27. Rb3 Bb4
28. Qa2 a5 29. Qc2 f5 30. Qd1 Kg7 31. Qc2 Rb7 32. Qb1 Kf6 33. Kf1 Qh7 34. Qc2
Rb8 35. Rb1 h4 36. Kf2 Rh8 37. Qe2 Qc7 38. Qc2 Rb8 39. Rd1 Rb7 40. Kg1 hxg3 41.
hxg3 Qb8 42. Ra1 Kg6 43. Kf1 Rh7 44. Kf2 Qh8 45. Qe2 Rb7 46. Qc2 Qb8 47. Kg1
Kf6 48. Qc1 Rh7 49. Qc2 Qb7 50. Kf2 Rh2 51. Rh1 Rxh1 52. Bxh1 Ba3 53. Bg2 Qb4
54. Bf1 Bb2 55. Be2 Qa3 56. Bd1 Bc1 57. Qb3 Qa1 58. Qc2 Ba3 59. Qb3 Bb4 60. Qc2
Ke6 61. Qb3 Kd7 62. Qc2 Kc7 63. Qb3 Kd7 64. Qc2 Ke6 65. Qb3 Kf6 66. Qc2 Qa3 67.
Qb3 Qc1 68. Qc2 Be1+ 69. Kxe1 Qxe3+ 70. Kf1 Qxd4 71. Be2 Qb4 72. Bd1 Kg6 73.
Qh2 Qb1 74. Qc2 Qa1 75. Qb3 Kf6 76. Ke1 Qd4 77. Qb6 Qg1+ 78. Kd2 Qd4+ 79. Ke1
Qg1+ 80. Kd2 Qd4+ 81. Kc1 Qa1+ 82. Kc2 Qxa4+ 83. Kc1 Qa3+ 0-1

[Event "ENCI Limburg-open B"]
[Site "Maastricht"]
[Date "2012.05.26"]
[Round "3"]
[White "Paajala, Niki"]
[Black "Johnen, Franz"]
[Result "1-0"]
[WhiteElo "1967"]
[BlackElo "1845"]
[PlyCount "47"]
[EventDate "2012.05.25"]
[EventType "swiss"]
[EventRounds "7"]
[EventCountry "NED"]
[Source "P.Boonen"]
[SourceDate "2013.01.01"]

1. e4 c5 2. Nc3 e6 3. d3 Nc6 4. g3 d6 5. Bg2 Be7 6. f4 Nf6 7. Nf3 O-O 8. O-O e5
9. f5 h6 10. h3 a6 11. Bd2 b5 12. g4 b4 13. Ne2 Nh7 14. Qc1 Bf6 15. c3 a5 16.
Ng3 Ba6 17. c4 Rc8 18. Nh5 Bg5 19. Nxg5 Nxg5 20. f6 Nd4 21. Kh2 gxf6 22. Nxf6+
Kg7 23. Bxg5 Ne2 24. Bxh6+ 1-0

[Event "ENCI Limburg-open B"]
[Site "Maastricht"]
[Date "2012.05.26"]
[Round "3"]
[White "Persoons, Bart"]
[Black "Meul, Willi"]
[Result "1-0"]
[WhiteElo "1760"]
[BlackElo "1879"]
[PlyCount "43"]
[EventDate "2012.05.25"]
[EventType "swiss"]
[EventRounds "7"]
[EventCountry "NED"]
[Source "P.Boonen"]
[SourceDate "2013.01.01"]

1. d4 Nf6 2. c4 g6 3. Nc3 d5 4. Bf4 c6 5. e3 Bg7 6. Nf3 O-O 7. Bd3 Nbd7 8. h3
dxc4 9. Bxc4 Nb6 10. Bb3 Bf5 11. O-O Nfd5 12. Be5 Nxc3 13. bxc3 Be4 14. Bxg7
Kxg7 15. Rc1 Rc8 16. Ng5 Bf5 17. e4 Bd7 18. f4 h6 19. Nf3 e6 20. c4 c5 21. dxc5
Rxc5 22. Qd4+ 1-0

[Event "ENCI Limburg-open B"]
[Site "Maastricht"]
[Date "2012.05.26"]
[Round "3"]
[White "Pijlman, Rene"]
[Black "Schloemer, Armin"]
[Result "1/2-1/2"]
[WhiteElo "1990"]
[BlackElo "1881"]
[PlyCount "26"]
[EventDate "2012.05.25"]
[EventType "swiss"]
[EventRounds "7"]
[EventCountry "NED"]
[Source "P.Boonen"]
[SourceDate "2013.01.01"]

1. e4 c5 2. Nc3 e6 3. f4 Nc6 4. Nf3 g6 5. d4 Qb6 6. d5 Nd4 7. Bc4 d6 8. O-O Bg7
9. e5 Nh6 10. Ne4 Ndf5 11. h3 dxe5 12. fxe5 exd5 13. Bxd5 O-O 1/2-1/2

[Event "ENCI Limburg-open B"]
[Site "Maastricht"]
[Date "2012.05.26"]
[Round "3"]
[White "Ringeltaube, Denny"]
[Black "Geboers, Jimmy"]
[Result "1-0"]
[WhiteElo "1749"]
[BlackElo "1954"]
[PlyCount "41"]
[EventDate "2012.05.25"]
[EventType "swiss"]
[EventRounds "7"]
[EventCountry "NED"]
[Source "P.Boonen"]
[SourceDate "2013.01.01"]

1. d4 d5 2. Nf3 Nf6 3. Bg5 e6 4. e3 c5 5. c3 Be7 6. Bd3 Nbd7 7. Nbd2 b6 8. Ne5
Qc7 9. f4 O-O 10. O-O Bb7 11. Nxd7 Qxd7 12. Bxf6 Bxf6 13. Rf3 Bd8 14. Bxh7+
Kxh7 15. Rh3+ Kg8 16. Qh5 f6 17. Nf3 Bc7 18. Nh4 f5 19. Nf3 Rf6 20. Qh8+ Kf7
21. Ng5+ 1-0

[Event "ENCI Limburg-open B"]
[Site "Maastricht"]
[Date "2012.05.26"]
[Round "3"]
[White "Sanders, Catheleijne"]
[Black "Snoeks, Marnicq"]
[Result "1-0"]
[WhiteElo "1775"]
[BlackElo "1706"]
[PlyCount "139"]
[EventDate "2012.05.25"]
[EventType "swiss"]
[EventRounds "7"]
[EventCountry "NED"]
[Source "P.Boonen"]
[SourceDate "2013.01.01"]

1. e4 e5 2. Nf3 Nc6 3. Bb5 d6 4. O-O Be7 5. c3 Nf6 6. Re1 O-O 7. h3 Bd7 8. d4
a6 9. Ba4 h6 10. Nbd2 Re8 11. Bxc6 Bxc6 12. dxe5 dxe5 13. Nxe5 Bxe4 14. Qb3 Bd5
15. c4 Bc6 16. Ndf3 Bxf3 17. Nxf3 b6 18. Bf4 Bc5 19. Rxe8+ Nxe8 20. Rd1 Qf6 21.
Be5 Qc6 22. Qc3 Bf8 23. Qd4 Nd6 24. b3 Re8 25. Qg4 Qa8 26. Rd5 Qc8 27. Qg3 Qe6
28. Nd4 Qg6 29. Qxg6 fxg6 30. Nf3 Re6 31. Kf1 c6 32. Rd3 Nf7 33. Bd4 b5 34. c5
g5 35. Be3 Ne5 36. Nxe5 Rxe5 37. b4 Kf7 38. Ra3 Re4 39. Bd2 Rc4 40. Rxa6 Bxc5
41. bxc5 Rxc5 42. Ke2 Rc4 43. Kd3 g6 44. a4 Rxa4 45. Rxc6 Ra3+ 46. Rc3 b4 47.
Rxa3 bxa3 48. Kc2 Kf6 49. Kb3 Kf5 50. Kxa3 h5 51. Kb3 h4 52. Kc3 g4 53. Kd3 g5
54. hxg4+ Kxg4 55. Ke4 Kh5 56. Kf5 g4 57. Bf4 h3 58. gxh3 gxh3 59. Bg3 Kh6 60.
Kg4 Kg6 61. Kxh3 Kf5 62. f4 Kf6 63. Kg4 Kg6 64. f5+ Kf6 65. Kf4 Kf7 66. Kg5 Kg7
67. f6+ Kf7 68. Kf5 Kf8 69. Kg6 Kg8 70. f7+ 1-0